| 000 | 00455nam a2200193Ia 4500 | ||
|---|---|---|---|
| 005 | 20240823013557.0 | ||
| 008 | 240823s9999||||xx |||||||||||||| ||und|| | ||
| 020 | _a81-207-1865-8 | ||
| 041 | _aENGLISH | ||
| 082 | _A793.735 P4 | ||
| 100 | _a"Vas,Gratian" | ||
| 245 | 0 | _aRiddles | |
| 250 | _a1st | ||
| 260 |
_c2004 _b"Sterling Pub.,New " _aNew Delhi |
||
| 500 | _aTransfered | ||
| 650 |
_aGeneral Studies _bGeneral |
||
| 942 | _cBK | ||
| 999 |
_c167626 _d167626 |
||